Religion Quiz

Random Religion or Bible Quiz

Most Common Words in The Bible Quiz Stats

 Plays Quiz Updated Dec 16, 2018

Challenge
Share
Tweet
Embed
Score 0/250 Timer 20:00
0 Plays Today
Count Word % Correct
8284a
97.1%
64137the
96%
1492go
94.7%
8853I
93.4%
974Jesus
91.2%
4444God
91.1%
10431he
89.3%
1699an
86.7%
1065O
86.1%
7014be
83.3%
6992is
81%
1393no
78.5%
12677in
77.5%
51721and
77.5%
982she
77.3%
2613you
76.5%
1844we
76.2%
13660to
75.8%
1689so
74.8%
8985for
73.6%
2016on
73.4%
1368do
73.4%
34810of
71%
4096me
70.9%
6597not
70%
6129it
68.1%
1994her
66.9%
5474thou
66.5%
7837lord
65.4%
582heaven
62.6%
2371son
62.1%
7377they
61.9%
979father
61.7%
970who
60.3%
2949are
60%
3837will
59.7%
2615man
59.4%
3520as
58.9%
3985ye
58.6%
2848when
57.3%
2257king
57.2%
4532was
56.9%
9837shall
56.5%
1967one
56.4%
8480his
55.7%
4367my
55.2%
2299there
55.2%
1776your
54.8%
447sin
54.6%
401where
54.2%
6667him
53.1%
1732day
53.1%
12916that
52.4%
4603thy
52%
612holy
51.6%
3905have
51.3%
835two
51.1%
396water
51%
834Moses
50.6%
985what
50.6%
1166our
50.1%
1449us
49.5%
3660from
49.4%
5621all
49.2%
597see
49%
987earth
49%
2786this
48.9%
6017with
48.4%
2380up
48.1%
1972come
48.1%
485three
48.1%
720good
47.4%
880give
47.2%
6429them
46.8%
3932their
46.4%
3993but
46.3%
543how
46%
1572at
45.8%
1595if
45.5%
1056say
45.4%
2773were
45.3%
2168then
44.7%
556Christ
44.6%
450life
44.2%
Count Word % Correct
4002said
43.7%
476ever
43.5%
1085David
42.7%
550hear
42.5%
2565Israel
42.4%
3826thee
42%
697word
41.7%
372death
40.8%
1133or
40.3%
400sea
40.1%
613evil
40%
505spirit
39.5%
1125down
39.3%
2778out
39%
1008over
38.8%
1653men
38.6%
2015into
37.3%
2635by
37.1%
2029had
36.9%
451would
36.6%
783should
36.1%
2139people
36%
1006did
35.6%
392under
35.5%
565done
35%
1717land
34.9%
465those
34.9%
9005unto
34.3%
1400went
34.1%
650mine
34.1%
1511let
33.5%
2096came
33.4%
1470hand
33.2%
874take
33.2%
928name
32.9%
1055make
32.7%
655eat
32.3%
495art
32.2%
1803children
32%
1799before
31.4%
620time
31.3%
463seven
31.3%
465gave
31.1%
763know
30.9%
483than
30.8%
611Egypt
30.7%
1617shalt
30.5%
669like
30.4%
367brother
30.1%
811Jerusalem
30%
1180after
29.8%
1356now
29.4%
937thine
29.3%
507off
29.1%
548saw
28.8%
447blood
28.6%
1225these
28.4%
445first
28.3%
1238every
28.3%
830heart
28.2%
1209because
27.4%
549fire
27.4%
686more
27%
2026house
26.8%
429peace
26.5%
962great
26.3%
364dead
26.3%
1027may
25.5%
4415which
25.3%
1407made
25.2%
381old
25%
396wife
24.9%
367year
24.7%
369drink
24.6%
855days
24.6%
672again
24.4%
664way
24.2%
463through
24.1%
464other
23.9%
917any
23.8%
402glory
23.5%
475might
23.5%
394Saul
23.1%
756nor
23.1%
Count Word % Correct
1394even
22.6%
364head
22.2%
513speak
22.2%
426without
22.2%
556many
21.8%
549thing
21.7%
763whom
21.6%
2764upon
21.6%
501eyes
21.5%
458soul
21.4%
416high
21.3%
497priest
20.5%
400fear
20.5%
417gold
20.4%
752took
20%
641heard
19.8%
870city
19.7%
419work
19.6%
632about
19.4%
548words
19.3%
1667against
19.3%
911put
19.2%
737thus
18.9%
590hundred
18.7%
1769also
18.5%
1079sons
18.3%
888forth
17.6%
461hands
17.5%
537years
17.5%
813Judah
17.4%
715place
17.1%
498given
17.1%
523law
17%
683yet
16.9%
916away
16.9%
1262saith
16.7%
521thousand
16.6%
830pass
15.7%
416face
15.7%
727bring
15.4%
2263hath
15.4%
424mouth
15.3%
874among
15%
1161things
14.4%
424sword
14.1%
448another
14.1%
403found
13.7%
1237therefore
13.6%
366until
13.4%
596own
13.2%
493servant
13.1%
538fathers
13%
1326behold
12.5%
1071hast
12.5%
879neither
12.2%
864brought
12.1%
484together
12%
501cast
11.7%
588spake
11.3%
695set
11.3%
420flesh
11.3%
378altar
11.2%
687sent
11.1%
633called
11%
443side
10.9%
724offering
10.7%
392priests
9.8%
505voice
9.8%
528himself
9.6%
1445saying
9.4%
916amongst
9.3%
448cities
9%
563brethren
8.7%
443commanded
8.3%
409themselves
7.9%
366burnt
7.6%
476servants
7.4%
797according
7%
364congregation
6.9%
492answered
6.5%
364midst
6.3%
908thereof
5.9%

You're not logged in!

Compare scores with friends on all Sporcle quizzes.
OR
Log In

You Might Also Like...

Show Comments

Extras

Top Quizzes Today


Score Distribution

Your Account Isn't Verified!

In order to create a playlist on Sporcle, you need to verify the email address you used during registration. Go to your Sporcle Settings to finish the process.

Report this User

Report this user for behavior that violates our Community Guidelines.

Details: